AIDS epidemic update : Special report on HIV prevention: December 2005
Contents: Intensifying prevention: the road to universal access; Sub-Saharan Africa; Eastern Europe and Central Asia; North America, Western and Central Europe...
محفوظ في:
| مؤلف مشترك: | |
|---|---|
| التنسيق: | كتاب |
| اللغة: | Undetermined |
| منشور في: |
Geneva, Switzerland
UNAIDS
2005
|
| الموضوعات: | |
| الوسوم: |
إضافة وسم
لا توجد وسوم, كن أول من يضع وسما على هذه التسجيلة!
|
| Thư viện lưu trữ: | Trung tâm Học liệu Trường Đại học Cần Thơ |
|---|
| LEADER | 00806nam a2200205Ia 4500 | ||
|---|---|---|---|
| 001 | CTU_190379 | ||
| 008 | 210402s9999 xx 000 0 und d | ||
| 082 | |a 616.9792 | ||
| 082 | |b J74 | ||
| 110 | |a Joint United Nations Programme on HIV/AIDS | ||
| 245 | 0 | |a AIDS epidemic update : | |
| 245 | 0 | |b Special report on HIV prevention: December 2005 | |
| 245 | 0 | |c Joint United Nations Programme on HIV/AIDS, World Health Organization | |
| 260 | |a Geneva, Switzerland | ||
| 260 | |b UNAIDS | ||
| 260 | |c 2005 | ||
| 520 | |a Contents: Intensifying prevention: the road to universal access; Sub-Saharan Africa; Eastern Europe and Central Asia; North America, Western and Central Europe... | ||
| 650 | |a AIDS (Disease),AIDS (Bệnh) | ||
| 904 | |i Giang | ||
| 980 | |a Trung tâm Học liệu Trường Đại học Cần Thơ | ||